Remote Sensing And Image Interpretation (Record no. 1924)

MARC details
000 -LEADER
fixed length control field 00315nam a22001337a 4500
020 ## - INTERNATIONAL STANDARD BOOK NUMBER
International Standard Book Number 978-1118343289
041 ## - LANGUAGE CODE
Language code of text/sound track or separate title ENG
100 ## - MAIN ENTRY--PERSONAL NAME
Personal name Lillesand .T.M
245 ## - TITLE STATEMENT
Title Remote Sensing And Image Interpretation
260 ## - PUBLICATION, DISTRIBUTION, ETC. (IMPRINT)
Place of publication, distribution, etc New york
Name of publisher, distributor, etc John Wiley & Sons
Date of publication, distribution, etc 2000
300 ## - PHYSICAL DESCRIPTION
Extent 724
650 ## - SUBJECT ADDED ENTRY--TOPICAL TERM
Topical term or geographic name as entry element SWCE
856 ## - ELECTRONIC LOCATION AND ACCESS
Uniform Resource Identifier SWCE ( 06 )
Holdings
Withdrawn status Lost status Source of classification or shelving scheme Damaged status Not for loan Home library Current library Shelving location Date acquired Cost, normal purchase price Total Checkouts Barcode Date last seen Price effective from Koha item type
    Dewey Decimal Classification     College of Agricultural Engineering and Technology, Dapoli , Library College of Agricultural Engineering and Technology, Dapoli , Library Book Cart 05/10/2021 617.00   003305 05/10/2021 05/10/2021 Books

Contact Us: College of Agricultural Engineering and Technology, Dapoli, Dist.- Ratnagiri
Website: https://dbskkv.org Email: caetlibrary2015@gmail.com